000 00898nam a2200265 a 4500
001 60722
003 BD-RJUL
005 20211209080857.0
008 170101s1941 ii a b 001|0 engsc
035 _a(BD-RJUL)60846
040 _aNew York. Public Library
_cMSohG
_dBD-RJUL
_beng
041 _aeng
082 _a297.082
_223
_bJOW 1941
100 1 _aJones, V. R.
_q(Violet Rhoda)
_9180917
245 1 0 _aWoman in Islām :
_ba manual with special reference to conditions in India /
_cby V.R. and L. Bevan Jones.
260 0 _aLucknow :
_bLucknow Publishing House,
_c1941.
300 _axi, 455 p. :
_bill. ;
_c19 cm.
504 _aIncludes index and bibliographical references.
650 0 _aWomen in Islam.
_9180918
650 0 _aWomen
_zSouth Asia.
_9171472
650 0 _aWomen
_zIndia.
_9171522
700 1 _aJones, L. Bevan
_q(Lewis Bevan).
_9180919
942 _2ddc
_cBK
999 _c60722
_d60722